K problematike výkazu ziskov a strát poisťovní

Popis a analýza výkazu ziskov a strát komerčnej poisťovne, jeho osobitosti. Definovanie opodstatnenia výkazu ziskov a strát vo finančnej analýze komerčných poisťovní. Výkaz ziskov a strát je súčasťou účtovnej závierky poisťovní.

Salvato in:
Dettagli Bibliografici
Autore principale: Pastoráková, Erika, 1972-
Natura: Capitolo di libro
Lingua:slovacco
Soggetti:
Tags: Aggiungi Tag
Nessun Tag, puoi essere il primo ad aggiungerne!!

MARC

LEADER 00000naa$a2200000$$$4500
001 0048931
005 20240502071549.5
041 0 |a slo 
044 |a SK 
245 1 0 |a K problematike výkazu ziskov a strát poisťovní  |c Erika Pastoráková 
520 |a Popis a analýza výkazu ziskov a strát komerčnej poisťovne, jeho osobitosti. Definovanie opodstatnenia výkazu ziskov a strát vo finančnej analýze komerčných poisťovní. Výkaz ziskov a strát je súčasťou účtovnej závierky poisťovní. 
610 2 0 |a poisťovne komerčné 
610 2 0 |a výkaz ziskov a strát 
610 2 0 |a analýzy 
610 2 0 |a náklady 
610 2 0 |a výnosy 
100 1 |a Pastoráková, Erika, 1972-